Toutes les Techniques de Bobby Shearer/Asuka Domon D'Inazuma Eleven - Statistiques

Statistiques générales
  • Ce quiz a été pris 33 fois
  • Le résultat moyen est 6 sur 7
Statistiques - réponses
Réponse Type de quiz Première Utilisation % Correct
Tacle de la Mort DEF S1
97%
Phénix TIR S1
90%
Tri-Pégase TIR S1
90%
Triangle de la Mort TIR S2
86%
Triangle de la Mort 2 TIR S2
79%
Volcan Circulaire TIR S2
62%
Icare ATT S3
55%
Aucun quiz correspondant
Distribution des résultats
% des personnes avec chaque résultat
Percentile par nombre de réponses
Votre historique - résultats
Vous n’avez pas pris ce quiz